Statistics for Kyrgyzstan First Level Subdivisions

Click here to take the quiz!

General Stats

  • This quiz has been taken 33 times
  • The average score is 4 of 9

Answer Stats

Oblasttar% Correct
Bishkek
92%
Osh
67%
Issyk Kul
50%
Chuy
42%
Batken
33%
Jalal-Abad
33%
Talas
33%
Narnyn
17%

Score Distribution

Percentile by Number Answered

Percent of People with Each Score

Your Score History

You have not taken this quiz